| 000 | 00750nam a22002177a 4500 | ||
|---|---|---|---|
| 999 |
_c17278 _d17278 |
||
| 003 | AR-CdUCM | ||
| 008 | 190508b ||||| |||| 00| 0 spa d | ||
| 040 |
_aMUNICIPALIDAD PROVINCIAL DEL CUSCO _cBIBLIOTECA MUNICIPAL DEL CUSCO |
||
| 082 |
_24ed. _a510.7 / _bS97 |
||
| 100 |
_aSuvorov, I. _937184 |
||
| 245 | _aCurso de matemáticas superiores / | ||
| 260 |
_aMoscú : _bMir; _c1973. |
||
| 300 |
_a421 páginas; _c23 cm. |
||
| 505 | _aContenido : Fundamentos de la geometria analitica plana -- Curvas de segundo orden -- Elemento de calculo integral... | ||
| 650 |
_aGeometria analitica _937185 |
||
| 650 |
_aEcuaciones _919076 |
||
| 650 |
_aDerivada del logaritmo _937186 |
||
| 650 |
_aCoordenadas _937187 |
||
| 942 |
_2ddc _cLIBROS |
||
| 945 | _arcc | ||